00773cam a2200181Ki 450008200180000010000310001824500740004926000380012330000490016150000730021050500440028352600370032765000130036485600640037794200120044199900190045395201190047204a954.0317bKAY1 aKaye, John William,94979012aA history of the Sepoy war in India, 1857-1858cby John William Kaye. aLondon :bW.H. Allen,c1880-1888. a1 online resource (3 v.) :bmaps (some col.) aVol. 1, 9th ed., 1880; vol. 2, 5th ed., 1888; vol. 3, 4th ed., 1880.0 a1. -- 1880 -- 2. -- 1881 -- 3. -- 1880. a0b0c0d954_031700000000000_KAY aMCE937940uhttp://catalog.hathitrust.org/api/volumes/oclc/4822650.html 2ddccBK c553164d553164 00102ddc4070aMCEbMCEcArchive Sectiond2015-01-30l0o954.0317 KAYpMCE-ECH./20.1r2015-01-30w2015-01-30yBK